[Event "RSSU-18 op"]
[Site "Moscow"]
[Date "2009.10.25"]
[Round "6"]
[White "Valeev, Sergey"]
[Black "Lagashin, Pavel"]
[Result "0-1"]
[WhiteElo "2154"]
[BlackElo "2077"]
[PlyCount "76"]
[EventDate "2009.10.17"]
[EventType "swiss"]
[EventRounds "9"]
[EventCountry "RUS"]
[SourceTitle "EXT 2022"]
[Source "ChessBase"]
[SourceDate "2021.10.06"]
[SourceVersion "1"]
[SourceVersionDate "2021.10.06"]
[SourceQuality "1"]

1. e4 c5 2. f4 d6 3. Nf3 g6 4. Bc4 Bg7 5. c3 Nf6 6. Qe2 0-0 7. d4 cxd4 8. cxd4 d5 9. exd5 Nxd5 10. Nc3 Nb6 11. Be3 Nxc4 12. Qxc4 Be6 13. Qb5 Qc7 14. Rc1 a6 15. Qg5 Qc4 16. Qxe7 Nc6 17. Qc5 Nb4 18. Qxc4 Bxc4 19. b3 Bb5 20. Kd2 Rfd8 21. a3 Nd3 22. Rb1 Nc5 23. Rhd1 Bc6 24. Ke2 Ne6 25. d5 Bxc3 26. dxc6 bxc6 27. Rdc1 Nd4+ 28. Kf2 Nxf3 29. Kxf3 Rd3 30. Ke2 Rad8 31. Rc2 Kg7 32. Rbc1 Bf6 33. Rxc6 Rxb3 34. Rxa6 Re8 35. Rc7 Rbxe3+ 36. Kf2 Re2+ 37. Kf1 Bd4 38. g4 Rf2+ 0-1

[Event "RSSU-18 op"]
[Site "Moscow"]
[Date "2009.10.24"]
[Round "5"]
[White "Konovalov, Nikolay"]
[Black "Valeev, Sergey"]
[Result "1-0"]
[WhiteElo "2448"]
[BlackElo "2154"]
[PlyCount "47"]
[EventDate "2009.10.17"]
[EventType "swiss"]
[EventRounds "9"]
[EventCountry "RUS"]
[SourceTitle "EXT 2022"]
[Source "ChessBase"]
[SourceDate "2021.10.06"]
[SourceVersion "1"]
[SourceVersionDate "2021.10.06"]
[SourceQuality "1"]

1. d4 e6 2. c4 f5 3. Nc3 Nf6 4. Qc2 d5 5. Bf4 c6 6. e3 Bd6 7. Bxd6 Qxd6 8. Nf3 0-0 9. h3 Ne4 10. Bd3 Nd7 11. g4 g6 12. gxf5 exf5 13. cxd5 Nxc3 14. Qxc3 cxd5 15. Qb3 Kg7 16. 0-0-0 a6 17. h4 b5 18. h5 Nf6 19. hxg6 hxg6 20. Rdg1 Ne4 21. Ne5 Rf6 22. Bxe4 dxe4 23. Rxg6+ Kf8 24. Qg8+ 1-0